Földtulajdonviszonyok a Csou-kori Kínában kandidátusi értekezés tézisei /

Elmentve itt :
Bibliográfiai részletek
Szerző: Tőkei Ferenc
Dokumentumtípus: Cikk
Megjelent: 1956
Kulcsszavak:Földtulajdon - Kína - ókori, Kína története - ókor
Tárgyszavak:
Online Access:http://misc.bibl.u-szeged.hu/65434
LEADER 00752nab a2200205 i 4500
001 misc65434
005 20240911135501.0
008 240212s1956 hu o 000 hun d
040 |a SZTE Miscellanea Repozitórium  |b hun 
041 |a hun 
100 1 |a Tőkei Ferenc 
245 1 0 |a Földtulajdonviszonyok a Csou-kori Kínában   |h [elektronikus dokumentum] :  |b kandidátusi értekezés tézisei /  |c  Tőkei Ferenc 
260 |c 1956 
300 |a 2 p.  |c 30 cm 
561 |a Németh Gyula hagyaték 
591 |a NOC 6139 
650 4 |a Bölcsészettudományok 
650 4 |a Történettudomány és régészet 
695 |a Földtulajdon - Kína - ókori, Kína története - ókor 
856 4 0 |u http://misc.bibl.u-szeged.hu/65434/1/6139_noc.pdf  |z Dokumentum-elérés